000 00378 a2200169 4500
001 186938
020 _a85-16-00630-1
040 _cMagnum
100 _aRegino, Maria
240 1 0 _aMuito além da imaginação
_lpor
245 1 0 _aMuito além da imaginação
300 _a53
362 0 _a1996
440 1 _aModerna
697 _aLITERATURA INFANTO-JUVENIL
942 _cBK
999 _c186938
_d186938